[Event "2017 Oceania Zone 3.6 Zonal Womens Championship"]
[Site "Auckland, NZL"]
[Date "2017.01.17"]
[Round "5.1"]
[White "Timergazi, Layla"]
[Black "Hardegen, Kathryn"]
[Result "0-1"]
[LiveChessVersion "1.4.7"]
[BlackElo "1797"]
[WhiteElo "2069"]

1. d4 {[%clk 1:30:53]} d5 {[%clk 1:30:58]} 2. c4 {[%clk 1:31:18]} c6
{[%clk 1:31:24]} 3. Nc3 {[%clk 1:31:36]} Nf6 {[%clk 1:31:47]} 4. e3
{[%clk 1:31:44]} a6 {[%clk 1:32:03]} 5. Nf3 {[%clk 1:31:38]} b5 {[%clk 1:28:54]}
6. cxd5 {[%clk 1:28:31]} cxd5 {[%clk 1:29:12]} 7. Be2 {[%clk 1:27:08]} Bg4
{[%clk 1:25:20]} 8. Ne5 {[%clk 1:22:35]} Bxe2 {[%clk 1:25:21]} 9. Qxe2
{[%clk 1:22:50]} e6 {[%clk 1:25:15]} 10. O-O {[%clk 1:22:13]} Bd6
{[%clk 1:24:13]} 11. Nd3 {[%clk 1:21:44]} Nbd7 {[%clk 1:23:03]} 12. f3
{[%clk 1:18:15]} Qb6 {[%clk 1:18:24]} 13. Rd1 {[%clk 1:08:56]} O-O
{[%clk 1:17:38]} 14. Qf2 {[%clk 0:58:42]} b4 {[%clk 1:15:43]} 15. Na4
{[%clk 0:56:25]} Qb5 {[%clk 1:13:47]} 16. b3 {[%clk 0:55:44]} Rac8
{[%clk 1:10:44]} 17. Bb2 {[%clk 0:54:23]} Rc6 {[%clk 1:05:52]} 18. Ne5
{[%clk 0:49:27]} Rc7 {[%clk 0:53:59]} 19. Rac1 {[%clk 0:47:21]} Rfc8
{[%clk 0:52:16]} 20. Nxd7 {[%clk 0:44:23]} Nxd7 {[%clk 0:42:01]} 21. Qd2
{[%clk 0:38:08]} f5 {[%clk 0:33:55]} 22. Rxc7 {[%clk 0:24:41]} Rxc7
{[%clk 0:34:19]} 23. Rc1 {[%clk 0:24:35]} Rxc1+ {[%clk 0:18:24]} 24. Bxc1
{[%clk 0:24:12]} Qc6 {[%clk 0:14:32]} 25. Nb2 {[%clk 0:23:01]} a5
{[%clk 0:13:54]} 26. Nd3 {[%clk 0:22:32]} a4 {[%clk 0:12:43]} 27. bxa4
{[%clk 0:19:19]} Qxa4 {[%clk 0:12:28]} 28. Nf2 {[%clk 0:18:49]} Qc6
{[%clk 0:12:09]} 29. g4 {[%clk 0:16:23]} Nb6 {[%clk 0:10:33]} 30. gxf5
{[%clk 0:15:27]} exf5 {[%clk 0:10:57]} 31. Nd3 {[%clk 0:14:36]} Na4
{[%clk 0:08:39]} 32. Bb2 {[%clk 0:12:03]} Qc4 {[%clk 0:07:34]} 33. Ba1
{[%clk 0:07:24]} Nc3 {[%clk 0:06:14]} 34. a3 {[%clk 0:06:30]} Nb1
{[%clk 0:05:13]} 35. Qd1 {[%clk 0:05:20]} Nxa3 {[%clk 0:05:15]} 36. Bb2
{[%clk 0:02:31]} b3 {[%clk 0:04:35]} 37. Nc5 {[%clk 0:01:48]} Nc2
{[%clk 0:04:00]} 38. e4 {[%clk 0:01:16]} fxe4 {[%clk 0:03:39]} 39. fxe4
{[%clk 0:01:27]} Bxc5 {[%clk 0:03:39]} 40. dxc5 {[%clk 0:31:30]} Qxc5+
{[%clk 0:34:07]} 41. Kh1 {[%clk 0:31:10]} d4 {[%clk 0:21:47]} 42. Qg4
{[%clk 0:23:28]} Qc6 {[%clk 0:18:04]} 43. Qf4 {[%clk 0:17:58]} Qb7
{[%clk 0:15:37]} 44. Qe5 {[%clk 0:14:42]} h6 {[%clk 0:14:58]} 45. Qe8+
{[%clk 0:13:10]} Kh7 {[%clk 0:15:23]} 46. h4 {[%clk 0:13:31]} g6 {[%clk 0:12:22]}
47. Kg1 {[%clk 0:12:28]} Kg7 {[%clk 0:10:42]} 48. Qe5+ {[%clk 0:11:58]} Kf7
{[%clk 0:10:01]} 49. Qf4+ {[%clk 0:10:18]} Ke8 {[%clk 0:09:49]} 50. e5
{[%clk 0:09:42]} Ne3 {[%clk 0:08:50]} 51. Qg3 {[%clk 0:08:12]} Qe4
{[%clk 0:08:34]} 52. Bxd4 {[%clk 0:07:20]} Qxd4 {[%clk 0:08:48]} 53. Qxg6+
{[%clk 0:07:44]} Kd8 {[%clk 0:07:52]} 54. Qg8+ {[%clk 0:04:58]} Kc7
{[%clk 0:06:40]} 55. Qxb3 {[%clk 0:04:08]} Nf5+ {[%clk 0:06:32]} 56. Kg2
{[%clk 0:03:00]} Qxe5 {[%clk 0:06:01]} 57. Qc4+ {[%clk 0:02:26]} Kd6
{[%clk 0:05:56]} 58. Qa6+ {[%clk 0:02:33]} Ke7 {[%clk 0:05:38]} 59. Qb7+
{[%clk 0:02:47]} Kf6 {[%clk 0:05:25]} 60. Qc6+ {[%clk 0:02:36]} Qd6
{[%clk 0:05:17]} 61. Qc3+ {[%clk 0:02:34]} Qd4 {[%clk 0:05:17]} 62. Qc6+
{[%clk 0:02:46]} Ke5 {[%clk 0:05:14]} 63. Qc7+ {[%clk 0:02:18]} Ke4
{[%clk 0:04:58]} 64. Qh7 {[%clk 0:01:53]} Qd2+ {[%clk 0:04:55]} 65. Kf1
{[%clk 0:01:17]} Qd3+ {[%clk 0:03:49]} 66. Kg2 {[%clk 0:01:22]} Qg3+
{[%clk 0:03:18]} 67. Kf1 {[%clk 0:01:45]} Qf4+ {[%clk 0:03:16]} 68. Ke2
{[%clk 0:01:23]} Qh2+ {[%clk 0:03:32]} 69. Kd1 {[%clk 0:01:41]} Qxh4
{[%clk 0:03:39]} 70. Qb7+ {[%clk 0:01:59]} Kf4 {[%clk 0:03:42]} 71. Qb8+
{[%clk 0:01:53]} Kg4 {[%clk 0:03:57]} 72. Qg8+ {[%clk 0:02:12]} Qg5
{[%clk 0:04:02]} 73. Qc4+ {[%clk 0:02:34]} Kh3 {[%clk 0:03:49]} 74. Qf1+
{[%clk 0:02:49]} Kh4 {[%clk 0:03:30]} 75. Qh1+ {[%clk 0:02:58]} Kg4
{[%clk 0:03:42]} 76. Qg1+ {[%clk 0:02:34]} Kh5 {[%clk 0:03:39]} 77. Qh1+
{[%clk 0:02:06]} Qh4 {[%clk 0:03:47]} 78. Qa8 {[%clk 0:01:50]} Qg4+
{[%clk 0:03:21]} 79. Kc2 {[%clk 0:01:38]} Qe2+ {[%clk 0:03:25]} 80. Kc3
{[%clk 0:01:53]} Qe3+ {[%clk 0:03:14]} 81. Kb4 {[%clk 0:01:55]} Qd4+
{[%clk 0:03:12]} 82. Kb3 {[%clk 0:02:08]} Kg5 {[%clk 0:02:36]} 83. Qg8+
{[%clk 0:02:17]} Kf4 {[%clk 0:02:45]} 84. Qf7 {[%clk 0:01:53]} Qd1+
{[%clk 0:02:50]} 85. Kb2 {[%clk 0:01:34]} h5 {[%clk 0:03:11]} 86. Qc7+
{[%clk 0:01:28]} Qd6 {[%clk 0:03:19]} 87. Qc1+ {[%clk 0:01:29]} Kg4
{[%clk 0:03:16]} 88. Qg1+ {[%clk 0:01:36]} Ng3 {[%clk 0:03:11]} 89. Qa7
{[%clk 0:01:31]} h4 {[%clk 0:03:00]} 90. Qg7+ {[%clk 0:01:41]} Kf4
{[%clk 0:02:35]} 91. Qf7+ {[%clk 0:01:44]} Nf5 {[%clk 0:02:50]} 92. Qh7
{[%clk 0:01:40]} Qd2+ {[%clk 0:03:00]} 93. Kb1 {[%clk 0:01:50]} Qd3+
{[%clk 0:03:24]} 94. Ka1 {[%clk 0:02:14]} h3 {[%clk 0:03:47]} 95. Qc7+
{[%clk 0:02:34]} Kg4 {[%clk 0:03:29]} 96. Qc2 {[%clk 0:01:27]} Qf1+
{[%clk 0:03:46]} 0-1

[Event "2017 Oceania Zone 3.6 Zonal Womens Championship"]
[Site "Auckland, NZL"]
[Date "2017.01.17"]
[Round "5.2"]
[White "Zhang, Jasmine Haomo"]
[Black "Chibnall, Alana"]
[Result "0-1"]
[LiveChessVersion "1.4.7"]
[BlackElo "1842"]
[WhiteElo "1719"]

1. d4 {[%clk 1:30:57]} Nf6 {[%clk 1:30:50]} 2. c4 {[%clk 1:31:19]} g6
{[%clk 1:31:11]} 3. Nc3 {[%clk 1:31:38]} Bg7 {[%clk 1:31:37]} 4. e4
{[%clk 1:32:02]} d6 {[%clk 1:32:03]} 5. f3 {[%clk 1:32:27]} O-O {[%clk 1:32:11]}
6. Be3 {[%clk 1:32:48]} a6 {[%clk 1:31:59]} 7. Qd2 {[%clk 1:32:59]} Nbd7
{[%clk 1:30:13]} 8. Bd3 {[%clk 1:32:31]} c5 {[%clk 1:30:25]} 9. d5
{[%clk 1:31:48]} Ne5 {[%clk 1:27:34]} 10. h3 {[%clk 1:24:43]} Qa5
{[%clk 1:24:44]} 11. a3 {[%clk 1:20:02]} Nfd7 {[%clk 1:22:14]} 12. f4
{[%clk 1:06:36]} Nxd3+ {[%clk 1:22:19]} 13. Qxd3 {[%clk 1:07:01]} b5
{[%clk 1:22:04]} 14. Bd2 {[%clk 1:01:49]} bxc4 {[%clk 1:13:32]} 15. Qxc4
{[%clk 1:01:31]} Rb8 {[%clk 1:13:32]} 16. Rb1 {[%clk 1:00:50]} Nb6
{[%clk 1:05:31]} 17. Qd3 {[%clk 0:56:11]} Na4 {[%clk 1:01:35]} 18. Nxa4
{[%clk 0:55:30]} Qxa4 {[%clk 1:01:58]} 19. Bc3 {[%clk 0:53:30]} Bxc3+
{[%clk 0:53:00]} 20. bxc3 {[%clk 0:52:48]} Rxb1+ {[%clk 0:53:21]} 21. Qxb1
{[%clk 0:53:13]} f5 {[%clk 0:53:28]} 22. Ne2 {[%clk 0:51:18]} fxe4
{[%clk 0:52:16]} 23. O-O {[%clk 0:50:35]} Bd7 {[%clk 0:48:41]} 24. Qc1
{[%clk 0:46:17]} Bb5 {[%clk 0:46:15]} 25. Re1 {[%clk 0:45:08]} Bd3
{[%clk 0:39:38]} 26. Ng3 {[%clk 0:42:07]} Rb8 {[%clk 0:37:12]} 27. f5
{[%clk 0:37:12]} Rb1 {[%clk 0:35:00]} 28. Qe3 {[%clk 0:36:42]} Rxe1+
{[%clk 0:35:11]} 29. Qxe1 {[%clk 0:37:07]} Qc4 {[%clk 0:30:13]} 30. fxg6
{[%clk 0:36:20]} hxg6 {[%clk 0:28:20]} 31. Qd2 {[%clk 0:34:53]} Qxd5
{[%clk 0:28:24]} 32. Ne2 {[%clk 0:33:53]} Kg7 {[%clk 0:25:15]} 33. Nf4
{[%clk 0:33:10]} Qc4 {[%clk 0:24:17]} 34. Qe1 {[%clk 0:31:13]} e5
{[%clk 0:22:35]} 35. Nxg6 {[%clk 0:29:45]} Kxg6 {[%clk 0:22:32]} 36. Qg3+
{[%clk 0:28:21]} Kf7 {[%clk 0:21:06]} 37. Qf2+ {[%clk 0:27:53]} Ke8
{[%clk 0:19:56]} 38. Qf6 {[%clk 0:26:29]} Kd7 {[%clk 0:18:00]} 39. Qg7+
{[%clk 0:22:02]} Kc6 {[%clk 0:17:18]} 40. Qf8 {[%clk 0:50:19]} Qxc3
{[%clk 0:45:05]} 41. Qa8+ {[%clk 0:47:43]} Kb6 {[%clk 0:45:03]} 42. Qd8+
{[%clk 0:47:45]} Kb5 {[%clk 0:45:22]} 43. Qd7+ {[%clk 0:46:02]} Ka5
{[%clk 0:45:30]} 44. Qc7+ {[%clk 0:44:02]} Ka4 {[%clk 0:45:35]} 45. Qd7+
{[%clk 0:43:59]} Kxa3 {[%clk 0:45:30]} 0-1

[Event "2017 Oceania Zone 3.6 Zonal Womens Championship"]
[Site "Auckland, NZL"]
[Date "2017.01.17"]
[Round "5.3"]
[White "Qin, Joy Shu Yan"]
[Black "Guo, Zhi Lin"]
[Result "1-0"]
[LiveChessVersion "1.4.7"]
[BlackElo "1872"]
[WhiteElo "1708"]

1. e4 {[%clk 1:30:58]} c5 {[%clk 1:30:54]} 2. c3 {[%clk 1:31:15]} d5
{[%clk 1:30:48]} 3. exd5 {[%clk 1:31:15]} Qxd5 {[%clk 1:30:53]} 4. d4
{[%clk 1:31:22]} Nc6 {[%clk 1:31:18]} 5. Nf3 {[%clk 1:31:27]} Bg4
{[%clk 1:31:31]} 6. Be2 {[%clk 1:31:03]} e6 {[%clk 1:31:51]} 7. h3
{[%clk 1:28:59]} Bh5 {[%clk 1:32:00]} 8. O-O {[%clk 1:28:39]} Nf6
{[%clk 1:32:11]} 9. Be3 {[%clk 1:26:44]} cxd4 {[%clk 1:32:19]} 10. cxd4
{[%clk 1:25:54]} Be7 {[%clk 1:32:06]} 11. Nc3 {[%clk 1:24:50]} Qd6
{[%clk 1:32:10]} 12. a3 {[%clk 1:22:55]} O-O {[%clk 1:31:53]} 13. Qd2
{[%clk 1:21:09]} Rfd8 {[%clk 1:29:20]} 14. Rfd1 {[%clk 1:18:52]} a6
{[%clk 1:23:35]} 15. Bf4 {[%clk 1:16:49]} Qd7 {[%clk 1:23:35]} 16. Ne5
{[%clk 1:10:02]} Qe8 {[%clk 1:22:44]} 17. Nxc6 {[%clk 1:03:03]} Qxc6
{[%clk 1:20:45]} 18. Rac1 {[%clk 1:01:22]} Rac8 {[%clk 1:12:57]} 19. Bxh5
{[%clk 0:54:36]} Nxh5 {[%clk 1:13:14]} 20. d5 {[%clk 0:48:20]} Qd7
{[%clk 0:59:11]} 21. Be3 {[%clk 0:39:20]} Nf6 {[%clk 0:47:03]} 22. Bb6
{[%clk 0:34:45]} Re8 {[%clk 0:47:17]} 23. d6 {[%clk 0:31:36]} Bd8
{[%clk 0:47:29]} 24. Qe3 {[%clk 0:26:47]} Bxb6 {[%clk 0:46:03]} 25. Qxb6
{[%clk 0:26:46]} Rc6 {[%clk 0:46:21]} 26. Qb4 {[%clk 0:24:27]} Rd8
{[%clk 0:45:33]} 27. a4 {[%clk 0:20:27]} b6 {[%clk 0:43:32]} 28. Ne4
{[%clk 0:16:58]} Nxe4 {[%clk 0:34:22]} 29. Qxe4 {[%clk 0:17:15]} Rxd6
{[%clk 0:34:07]} 30. Rxd6 {[%clk 0:17:20]} Qxd6 {[%clk 0:34:33]} 31. Qb7
{[%clk 0:16:37]} Qb4 {[%clk 0:27:08]} 32. Rc8 {[%clk 0:12:52]} Rf8
{[%clk 0:25:37]} 33. Qd7 {[%clk 0:09:49]} g6 {[%clk 0:22:14]} 34. Rxf8+
{[%clk 0:06:04]} Kxf8 {[%clk 0:22:23]} 35. Qc8+ {[%clk 0:05:09]} Kg7
{[%clk 0:22:45]} 36. Qxa6 {[%clk 0:05:19]} Qxb2 {[%clk 0:23:09]} 37. Qc4
{[%clk 0:04:53]} Qa1+ {[%clk 0:22:57]} 38. Kh2 {[%clk 0:05:13]} Qe5+
{[%clk 0:23:06]} 39. g3 {[%clk 0:04:50]} Qb2 {[%clk 0:19:48]} 40. Kg2
{[%clk 0:34:48]} Qd2 {[%clk 0:49:58]} 41. Qc7 {[%clk 0:33:38]} Qd5+
{[%clk 0:49:55]} 42. Kg1 {[%clk 0:33:43]} Qd1+ {[%clk 0:49:49]} 43. Kg2
{[%clk 0:33:44]} Qxa4 {[%clk 0:50:06]} 44. Qxb6 {[%clk 0:34:01]} Qe4+
{[%clk 0:50:20]} 45. Kg1 {[%clk 0:34:00]} e5 {[%clk 0:50:33]} 46. Qb2
{[%clk 0:32:58]} Qd4 {[%clk 0:50:08]} 47. Qb3 {[%clk 0:30:49]} h6
{[%clk 0:49:28]} 48. Kg2 {[%clk 0:28:50]} h5 {[%clk 0:48:47]} 49. h4
{[%clk 0:25:44]} Qe4+ {[%clk 0:48:44]} 50. Kg1 {[%clk 0:25:34]} Kf6
{[%clk 0:48:20]} 51. Qb6+ {[%clk 0:24:16]} Kf5 {[%clk 0:47:42]} 52. Qd8
{[%clk 0:23:42]} Kg4 {[%clk 0:44:42]} 53. Qd7+ {[%clk 0:21:57]} f5 54. Qd1+
{[%clk 0:20:34]} Qf3 {[%clk 0:43:45]} 55. Qf1 {[%clk 0:20:27]} e4
{[%clk 0:42:26]} 56. Kh2 {[%clk 0:19:13]} Qd3 {[%clk 0:41:02]} 57. f3+
{[%clk 0:19:17]} 1-0

[Event "2017 Oceania Zone 3.6 Zonal Womens Championship"]
[Site "Auckland, NZL"]
[Date "2017.01.17"]
[Round "5.4"]
[White "Yao, Licia"]
[Black "Lim, Cassandra"]
[Result "1-0"]
[LiveChessVersion "1.4.7"]
[BlackElo "1711"]
[WhiteElo "1687"]

1. d4 {[%clk 1:30:54]} d5 {[%clk 1:30:55]} 2. c4 {[%clk 1:31:19]} c6
{[%clk 1:31:17]} 3. cxd5 {[%clk 1:30:57]} cxd5 {[%clk 1:31:38]} 4. Bf4
{[%clk 1:31:18]} Nc6 {[%clk 1:31:54]} 5. Nc3 {[%clk 1:29:59]} e5 {[%clk 1:30:13]}
6. Bxe5 {[%clk 1:25:01]} Nxe5 {[%clk 1:27:25]} 7. dxe5 {[%clk 1:25:21]} d4
{[%clk 1:27:41]} 8. Ne4 {[%clk 1:17:06]} Qa5+ {[%clk 1:26:34]} 9. Nd2
{[%clk 1:17:09]} Bg4 {[%clk 1:18:39]} 10. Ngf3 {[%clk 0:59:19]} Rd8
{[%clk 1:12:28]} 11. a3 {[%clk 0:50:43]} Bxf3 {[%clk 1:01:13]} 12. b4
{[%clk 0:48:21]} Qc7 {[%clk 0:45:23]} 13. Nxf3 {[%clk 0:26:21]} Qc3+
{[%clk 0:44:44]} 14. Nd2 {[%clk 0:26:46]} d3 {[%clk 0:42:33]} 15. exd3
{[%clk 0:23:59]} Qxe5+ {[%clk 0:41:45]} 16. Be2 {[%clk 0:24:02]} Rxd3
{[%clk 0:40:29]} 17. O-O {[%clk 0:23:01]} Rd7 {[%clk 0:29:45]} 18. Re1
{[%clk 0:21:40]} Re7 {[%clk 0:28:30]} 19. Nf3 {[%clk 0:19:19]} Qf5
{[%clk 0:25:56]} 20. Qa4+ {[%clk 0:16:23]} Kd8 {[%clk 0:25:07]} 21. Red1+
{[%clk 0:16:14]} Rd7 {[%clk 0:24:08]} 22. Rxd7+ {[%clk 0:16:38]} Qxd7
{[%clk 0:24:32]} 23. Qxa7 {[%clk 0:12:10]} Bd6 {[%clk 0:22:08]} 24. Rd1
{[%clk 0:11:59]} Nf6 {[%clk 0:19:30]} 25. Qa8+ {[%clk 0:11:00]} Qc8
{[%clk 0:19:28]} 26. Qxc8+ {[%clk 0:10:09]} Kxc8 {[%clk 0:19:53]} 27. Rxd6
{[%clk 0:10:35]} Re8 {[%clk 0:20:07]} 28. Kf1 {[%clk 0:10:23]} Kc7
{[%clk 0:20:15]} 29. Rd4 {[%clk 0:10:28]} Ra8 {[%clk 0:20:02]} 30. Rd3
{[%clk 0:10:28]} h6 {[%clk 0:19:03]} 31. Ne5 {[%clk 0:10:39]} Rf8
{[%clk 0:19:12]} 32. Bf3 {[%clk 0:10:23]} g5 {[%clk 0:19:10]} 33. Bd5
{[%clk 0:09:43]} Nxd5 {[%clk 0:18:32]} 34. Rxd5 {[%clk 0:10:07]} f6
{[%clk 0:18:34]} 35. Rd7+ {[%clk 0:09:33]} Kc8 {[%clk 0:18:28]} 36. Rf7
{[%clk 0:09:36]} Rxf7 {[%clk 0:18:47]} 37. Nxf7 {[%clk 0:10:00]} h5
{[%clk 0:19:12]} 38. Nd6+ {[%clk 0:10:12]} Kc7 {[%clk 0:19:13]} 39. Ne4
{[%clk 0:10:33]} Kb6 {[%clk 0:19:24]} 40. a4 {[%clk 0:40:45]} f5 {[%clk 0:49:46]}
41. Nxg5 {[%clk 0:40:05]} 1-0